000 00532nam a2200181Ia 4500
008 100917s9999 xx 000 0 und d
082 _b38647
100 _aबोरकर वि. ज.
245 _aमाती आणि आदेऊस
260 _bमौज प्रकाशन
_c1979
300 _a154
365 _b22
520 _aकादंबरी
630 _aमाती आणि आदेऊस
650 _aकादंबरी
730 _aमाती आणि आदेऊस
942 _cBOOK
999 _c644041
_d644038